Reduction of capital costs of nuclear power plants

Uložené v:
Podrobná bibliografia
Médium: Kniha
Jazyk:English
Vydavateľské údaje: Paris OECD 2000
Edícia:Nuclear development
Predmet:
Tagy: Pridať tag
Žiadne tagy, Buďte prvý, kto otaguje tento záznam!

MARC

LEADER 00000nam a2200000 4500
001 c121999
005 20221221084714.0
020 |a 92-64-17144-4 
041 0 |a eng 
044 |a FR 
245 1 0 |a Reduction of capital costs of nuclear power plants 
264 1 |a Paris  |b OECD  |c 2000 
300 |a 108 s. 
490 1 |a Nuclear development 
830 0 |a Nuclear development 
610 2 0 |a elektrárne atómové 
610 2 0 |a znižovanie nákladov 
610 2 0 |a investície kapitálové 
610 2 0 |a energetika 
610 2 0 |a energia atómová 
610 2 0 |a OECD